Американські штати - Statistics

General Stats
  • This quiz has been taken 564 times
  • The average score is 22 of 50
Answers on the Map
Answers color-coded by a green-red scale on the quiz's map according to % correct below.
 
Answer Stats
State % Correct
Аляска
91%
Техас
84%
Вашингтон
83%
Каліфорнія
78%
Нью-Йорк
78%
Флорида
75%
Гаваї
69%
Алабама
60%
Колорадо
60%
Огайо
60%
Невада
56%
Аризона
55%
Нью-Мексико
51%
Айдахо
48%
Північна Кароліна
48%
Вірджинія
46%
Мен
46%
Північна Дакота
45%
Мічиган
44%
Монтана
44%
Луїзіана
43%
Міссісіпі
43%
Небраска
43%
Арканзас
42%
Орегон
42%
Джорджія
41%
Нью-Джерсі
40%
Айова
39%
Канзас
39%
Пенсильванія
39%
Юта
39%
Індіана
37%
Міссурі
37%
Оклахома
35%
Іллінойс
31%
Вайомінг
30%
Меріленд
30%
Південа Кароліна
30%
Південа Дакота
29%
Кентуккі
28%
Міннесота
27%
Делавер
26%
Нью-Гемпшир
26%
Коннектикут
25%
Род-Айленд
25%
Вермонт
24%
Вісконсин
22%
Західна Вірджинія
22%
Массачусетс
22%
Теннессі
18%
No matching quizzes found
Score Distribution
Percent of People with Each Score
Percentile by Number Answered
Your Score History
You have not taken this quiz